A serious exhortation to the inhabitants of Great Britain : with reference to the approaching fast. By the Rev. Thomas Robinson, ...

Bibliographic Details
Main Author: Robinson, Thomas, 1749-1813
Format: eBook
Language:English
Series:Eighteenth century collections online.
Online Access:Full text online

MARC

Tag First Indicator Second Indicator Subfields
LEADER 00000cam a2200000 4500
001 in00001908676
006 m | d |
007 cr |n||||||||n
008 860204s1797 stk|||| s 00||||eng d
005 20260403184442.0
035 |a (CStRLIN)ESTCN22204 
040 |a Cu-RivES  |c Cu-RivES  |d CStRLIN  |d Thomson Gale  |d UtOrBLW 
100 1 |a Robinson, Thomas,  |d 1749-1813. 
245 1 2 |a A serious exhortation to the inhabitants of Great Britain :  |b with reference to the approaching fast. By the Rev. Thomas Robinson, ... 
264 3 |a [Edinburgh] :  |b Leicester: printed in 1795. Edinburgh: reprinted by H. Inglis,  |c 1797. 
300 |a 24p. ;  |c 12⁰. 
336 |a text  |b txt  |2 rdacontent 
337 |a computer  |b c  |2 rdamedia 
338 |a online resource  |b cr  |2 rdacarrier 
500 |a Reproduction of original from the National Library of Wales. 
510 4 |a English Short Title Catalog,  |c ESTCN22204. 
533 |a Electronic reproduction.  |b Farmington Hills, Mich. :  |c Thomson Gale,  |d 2003.  |n Available via the World Wide Web.  |n Access limited by licensing agreements  |7 s2003 miunns 
500 |a Electronic resource. 
830 0 |a Eighteenth century collections online. 
856 4 0 |u http://proxy.library.tamu.edu/login?url=https://galenet.galegroup.com/servlet/ECCO?c=1&stp=Author&ste=11&af=BN&ae=N022204&tiPG=1&dd=0&dc=flc&docNum=CW123232547&vrsn=1.0&srchtp=a&d4=0.33&n=10&SU=0LRF&locID=txshracd2898  |z Full text online  |t 0 
999 |a MARS 
999 f f |s 4d2110f8-c216-399f-93ba-3aa3e80dd6dd  |i df51fc01-621f-3ddf-9d56-087c4dd15996  |t 0 
952 f f |a Texas A&M University  |b College Station  |c Electronic Resources  |s www_evans  |d Available Online  |t 0  |h No information provided 
998 f f |t 0  |l Available Online